00362nam a2200109Ia 4500008004100000100002500041245004700066260002500113300002000138650001600158856007800174160712s9999 xx 000 0 und d aTeorya ng Pagsasalin cTeorya ng PagsasalinaTeorya ng Pagsasalin c2012bDiliman Review avol. 59 no. 1-4 xTRANSLATION uhttp://journals.upd.edu.ph/index.php/dilimanreview/issue/view/390/showToc